Crónicas / (Record no. 123070)

MARC details
000 -LEADER
campo de control de longitud fija 00555nam a2200181 4500
001 - NÚMERO DE CONTROL
campo de control 123070
003 - IDENTIFICADOR DE NÚMERO DE CONTROL
campo de control ES-MaACL
005 - FECHA Y HORA DE LA ÚLTIMA TRANSACCIÓN
campo de control 20240126063008.0
007 - CAMPO FIJO DE DESCRIPCIÓN FÍSICA--INFORMACIÓN GENERAL
campo de control de longitud fija t|
008 - DATOS DE LONGITUD FIJA--INFORMACIÓN GENERAL
campo de control de longitud fija 070214s1947 ag r ||||0| spa d
100 1# - ENTRADA PRINCIPAL--NOMBRE DE PERSONA
Nombre de persona Proust, Marcel,
Fechas asociadas al nombre 1871-1922
9 (RLIN) 94056
245 10 - MENCIÓN DEL TÍTULO
Título Crónicas /
Mención de responsabilidad, etc. Marcel Proust ; traducción del francés por Marcelo Menasché.
260 ## - PUBLICACIÓN, DISTRIBUCIÓN, ETC.
Lugar de publicación, distribución, etc. Buenos Aires :
Nombre del editor, distribuidor, etc. Santiago Rueda,
Fecha de publicación, distribución, etc. 1947.
300 ## - DESCRIPCIÓN FÍSICA
Extensión 242 p ;
Dimensiones 22 cm.
700 1# - ENTRADA AGREGADA--NOMBRE PERSONAL
Nombre de persona Menasché, Marcelo.
9 (RLIN) 80077
852 ## - LOCALIZACIÓN
Ubicación ES-MaACL
Número de control de estantería D-7792
Sublocalización o colección R.30574
Holdings
Estatus retirado Estado de pérdida Estado de daño No para préstamo Biblioteca de origen Biblioteca actual Ubicación en estantería Fecha de adquisición Fuente de adquisición Total de préstamos Signatura topográfica completa Código de barras Visto por última vez Precio de reemplazo Tipo de ítem Koha
        Biblioteca del Ateneo de Madrid Biblioteca del Ateneo de Madrid Sala Valle Inclán 17/01/2008     D-7792 901128241 23/02/2023 23/02/2023 Libro impreso